000
00355nam a2200133Ia 4500
008
191206s9999 xx 000 0 und d
020
_a
868520039
090
_a
PR6063.T856
245
0
_a
Sounds of a cowhide drum
260
_a
AD. Donker
260
_c
c1982
300
_a
92 p. ; 21 cm.
999
_c
16936
_d
16936